Connaissez-vous bien la région de Québec? - Statistiques

Statistiques générales
  • Ce quiz a été pris 181 fois
  • Le résultat moyen est 8 sur 10
Statistiques - réponses
Question Réponse % Correct
En quelle année a été fondée la ville de Québec? 1608
100%
Quel hôtel est l’hôtel le plus photographié au monde selon le Livre des records Guinness? Fairmont Château Frontenac, à Québec, au Canada
100%
Dans quelle ville fut fondée, en 1668, la toute première brasserie commerciale au Canada? Québec
100%
Vrai ou faux? L’épicerie J.A. Moisan, située sur la rue Saint-Jean, en plein cœur de la ville de Québec, est la plus ancienne épicerie en Amérique du Nord. Vrai
100%
Combien de personnes habitent la région de la Capitale-Nationale, où se situe de la ville de Québec? 761 000
75%
Quel pourcentage des résidents de la ville de Québec parlent français? 94,5 %
75%
Où se trouvent les fontaines d'eau les plus puissantes au Canada? Au quai Paquet, à Lévis, sur la rive-sud de la ville de Québec
75%
Qui suis-je? Je suis l'un des sites touristiques les plus fréquentés de Québec. Une fameuse bataille, celle opposant les Français et les Britanniques le 13 septembre 1759, s’est déroulée où je me situe encore aujourd’hui. Les Plaines d'Abraham
75%
Vrai ou faux? Une série télévisée coréenne, Goblin: The Lonely and Great God, a été tournée à Québec. Vrai
75%
Combien de parcs nationaux sont situés dans la grande région touristique de Québec? 1
0%
Aucun quiz correspondant
Distribution des résultats
% des personnes avec chaque résultat
Percentile par nombre de réponses
Votre historique - résultats
Vous n’avez pas pris ce quiz